• 首页
  • 本馆介绍
  • 公告通知
  • 最新文献
  • 馆藏检索
  • 电子资源
  • 读者导购
  • 参考咨询
  • 我的图书馆
  • 登录
  • 详细信息显示
  • 放入我的书架
  • 预约/预借图书
  • 作者相关作品
  • 分类相关作品
  • 丛书相关作品
  • 出版社相关作品

书目信息

  • 表格格式
  • 工作单格式
  • 卡片格式
书名: Industrial & engineering chemistry
作者:
分册号:
分册名:
出版地: Easton, Pa. :
 
出版社: American Chemical Society
出版时间: 1953.
页数: 17 v. :
开本: 31 cm.
丛书名:
中图分类号:
科图分类号:
其他分类号: O6
主题词:
电子资源:
000 01004cas 22000313a 4504
001 E0756111171
003 CaOON
005 20070708153845.37
008 0308261953 9pausr1p 0uuua0eng l
010    @a90643914
022    @a0097-6423.
030    @aIECNAV
035    @a(OCoLC)ocl71639470
040    @aDLC@beng@cMnMULS@dNSDP@dDLC@dm.c.@dOCoLC@dDNAL@dNST@dDLC@dCaOON@dCaOONUL
042    @ansdp@alc
050 00 @aTP1@b.C35
070 0  @a381 J825N
090    @aO6
099    @dO6@ex58
130 0  @aIndustrial & engineering chemistry (News ed.)
222 00 @aIndustrial and engineering chemistry. News edition.
245 00 @aIndustrial & engineering chemistry.
246 17 @aIndustrial and engineering chemistry.
260 00 @aEaston, Pa. :@bAmerican Chemical Society,@c1953.
300    @a17 v. :@bill. ;@c31 cm.
500    @aTitle from caption.
650  0 @aChemistry, Technical@xPeriodicals.
650  0 @aChemical engineering@xPeriodicals.
710 2  @aAmerican Chemical Society.
    
    Industrial & engineering chemistry.-Easton, Pa. : : American Chemical Society, , 1953.
    17 v. : : ill. ; ; 31 cm.
    Title from caption.
    
    ISBN
    
●
相关链接 在E读中查询图书 在五车中查询图书 在当当中查询图书 在豆瓣中查询图书


正题名:Industrial & engineering chemistry     索取号:O6/x58         预约/预借

序号 登录号 条形码 馆藏地/架位号 状态 备注
1 0011561   300115612   第二样本阅览室/ [索取号:O6/x58] 在馆    
唐山师范学院图书馆 欢迎您!
大连网信软件有限公司© 版权所有